zpět

Detail výsledku týmu

The Pub Praha 2 ST, Praha

Datum a čas kvízu

29.5 Celkem bodů Celkový počet nahraných bodů na tomto kvízu bez doplňovacích otázek.
13. Pořadí na kvízu Konečné umístění týmu na tomto kvízu.

Zaznamenané odpovědi

# Otázka Odpověď Body Výsledky
1. Poslední květnový den vyvrchol... bábovka (#babovkovyden) 1
2. Kolumbijský parlament odhlasov... D) býčích zápasů 0
3. Jednu miliardu dolarů. Tolik j... Queen 0
4. Kvůli nařízení Evropské unie t... Alfa Romeo 1
5. V pátek proběhlo slavnostní vy... Král bílé stopy, Ester Ledecká 0.5
6. Kterým výrazem na písmeno M se... mixologie 1
7. Ernest Hemingway měl údajně v... Daiquiri 0
8. Oblíbenou složkou míchaných ná... z pomerančů 1
9. Hlavní hrdina filmu Big Lebows... White Russian (Bílý Rus, Bílý medvěd) 0
10. V poslední otázce se podíváme... vaječný likér; griotku 1